000 00699nam a2200229Ia 4500
003 OSt
005 20220926004518.0
006 a|||||r|||| 00| 0
007 ta
008 220923b |||||||| |||| 00| 0 eng d
037 _cGeneral Book
040 _aRTL
_cRTL
_beng
041 _2eng
_aeng
082 _av2, 31p.N92r, N2.164-10/GD
110 _aINDIA, RAJYA SABHA.
_9263636
245 0 _aParliamentary Debates
_b Rajya Sabha Official report.
260 _a New Delhi
_bRajya Sabhh Secretariat.
_c1992
300 _aii, 352p.
_ccm.
700 _aINDIA, RAJYA SABHA.
_9263637
942 _hv2, 31p.N92r, N2.164-10/GD
_cGB
_2CC
999 _c611407
_d611407